Paroles #2 : D'autres que nous Axelle red et Ycare - Statistiques

Statistiques générales
  • Ce quiz a été pris 26 fois
  • Le résultat moyen est 200 sur 275
Statistiques - réponses
Paroles % Correct
à
100%
a
100%
D'autres
100%
d'autres
100%
de
100%
De
100%
fenêtre
100%
la
100%
La
100%
nous
100%
que
100%
sous
100%
boulevard
94%
Boulevard
94%
ces
94%
Il
94%
Michel
94%
Saint
94%
fenêtres
88%
Feront
88%
feront
88%
l'amour
88%
Le
88%
le
88%
Les
88%
les
88%
nuit
88%
se
88%
14
81%
amour
81%
et
81%
Et
81%
Je
81%
je
81%
lumière
81%
me
81%
nos
81%
ou
81%
peut-être
81%
pour
81%
Pour
81%
au
75%
Au
75%
bien
75%
guerre
75%
ils
75%
murs
75%
notre
75%
par
75%
passe
75%
souviennent-ils
75%
vois
75%
y
75%
Y
75%
comme
69%
Comme
69%
des
69%
du
69%
fêtes
69%
longues
69%
même
69%
nuits
69%
Te
69%
toujours
69%
avant
63%
Mais
63%
mais
63%
On
63%
on
63%
plus
63%
puis
63%
s'aimeront
63%
S'aimeront
63%
adresse
56%
ancienne
56%
coin
56%
doux
56%
en
56%
feu
56%
m'arrive
56%
passer
56%
qu'il
56%
retraite
56%
digicode
50%
gardienne
50%
jour
50%
n'est
50%
Ont
50%
rendre
50%
tendresse
50%
un
50%
voir
50%
belle
44%
découdre
44%
devant
44%
d'hiver
44%
fait
44%
grand
44%
j'espère
44%
l'adresse
44%
Laissent
44%
leurs
44%
n'y
44%
pareil
44%
promesses
44%
vie
44%
Vivront
44%
lève
38%
réverbère
38%
sourire
38%
tête
38%
feux
31%
guère
31%
lèvres
31%
oui
31%
retourne
31%
si
31%
tout
31%
voisins
31%
Alors
25%
était
25%
passerons
25%
tellement
25%
chagrin
19%
guette
19%
Loin
19%
Pleurent
19%
rien
19%
vécu
19%
avait
13%
Confiant
6%
n'avait
6%
freront
0%
Aucun quiz correspondant
Distribution des résultats
% des personnes avec chaque résultat
Percentile par nombre de réponses
Votre historique - résultats
Vous n’avez pas pris ce quiz